Market views on changing business practice, leases and valuation : a study of the impact of changing business patterns on the property market. (Record no. 96984)

MARC details
000 -LEADER
fixed length control field 01226cam a2200361 4500
008 - FIXED-LENGTH DATA ELEMENTS--GENERAL INFORMATION
fixed length control field 090401t1998 xxu||||| |||| 00| 0 eng d
020 ## - INTERNATIONAL STANDARD BOOK NUMBER
International Standard Book Number 0854068732
035 ## - SYSTEM CONTROL NUMBER
System control number (Sirsi) u84826
041 ## - LANGUAGE CODE
Language code of text/sound track or separate title eng
050 ## - LIBRARY OF CONGRESS CALL NUMBER
Classification number 333.337
110 ## - MAIN ENTRY--CORPORATE NAME
Corporate name or jurisdiction name as entry element Royal Institution of Chartered Surveyors
9 (RLIN) 4900
245 ## - TITLE STATEMENT
Title Market views on changing business practice, leases and valuation : a study of the impact of changing business patterns on the property market.
260 ## - PUBLICATION, DISTRIBUTION, ETC.
Place of publication, distribution, etc. London
Name of publisher, distributor, etc. RICS
Date of publication, distribution, etc. 1998
300 ## - PHYSICAL DESCRIPTION
Extent 39p. ; 30cm.
350 ## - PRICE (NR) (BK AM CF MU VM SE) [OBSOLETE]
Price 9.95
490 ## - SERIES STATEMENT
Series statement Right Space: Right Price
Volume/sequential designation 6
520 ## - SUMMARY, ETC.
Summary, etc. One of six working papers for the Right Space: Right Price research project. A report for the RICS by the University of Reading and DTZ Debenham Thorpe.
650 ## - SUBJECT ADDED ENTRY--TOPICAL TERM
Topical term or geographic name entry element COMMERCIAL LEASES
650 ## - SUBJECT ADDED ENTRY--TOPICAL TERM
Topical term or geographic name entry element LEASE LENGTH
650 ## - SUBJECT ADDED ENTRY--TOPICAL TERM
Topical term or geographic name entry element LEASE STRUCTURES
650 ## - SUBJECT ADDED ENTRY--TOPICAL TERM
Topical term or geographic name entry element PROPERTY MARKET
650 ## - SUBJECT ADDED ENTRY--TOPICAL TERM
Topical term or geographic name entry element Valuation
9 (RLIN) 6273
650 ## - SUBJECT ADDED ENTRY--TOPICAL TERM
Topical term or geographic name entry element WORKING PRACTICES
690 ## - LOCAL SUBJECT ADDED ENTRY--TOPICAL TERM (OCLC, RLIN)
Topical term or geographic name as entry element PROPERTY-COMMERCIAL PROPERTY
700 ## - ADDED ENTRY--PERSONAL NAME
Personal name Crosby, Neil
700 ## - ADDED ENTRY--PERSONAL NAME
Personal name Gibson, Virginia A.
700 ## - ADDED ENTRY--PERSONAL NAME
Personal name Lizieri, Colin
700 ## - ADDED ENTRY--PERSONAL NAME
Personal name Ward, Charles
710 ## - ADDED ENTRY--CORPORATE NAME
Corporate name or jurisdiction name as entry element University of Reading
9 (RLIN) 3273
710 ## - ADDED ENTRY--CORPORATE NAME
Corporate name or jurisdiction name as entry element DTZ Debenham Thorpe
9 (RLIN) 2895
942 ## - ADDED ENTRY ELEMENTS (KOHA)
Suppress in OPAC 0
948 ## - LOCAL PROCESSING INFORMATION (OCLC); SERIES PART DESIGNATOR (RLIN)
c (OCLC) 12/03/1998
Holdings
Withdrawn status Lost status Source of classification or shelving scheme Damaged status Not for loan Home library Current library Shelving location Date acquired Cost, normal purchase price Total Checkouts Full call number Barcode Date last seen Copy number Cost, replacement price Price effective from Koha item type Date last checked out
    Dewey Decimal Classification     London London RICS Boxes 14/09/1999 9.95   RICS 1998/17 30055498 06/08/2019 1 9.95 06/08/2019 Archive  
    Dewey Decimal Classification     London London RICS Boxes 14/09/1999 9.95   RICS 1998/17 30055499 06/08/2019 2 9.95 06/08/2019 Reference material  
    Dewey Decimal Classification     London London RICS Boxes 14/09/1999 9.95 15 RICS 1998/17 30055500 06/08/2019 3 9.95 06/08/2019 Book 05/01/2007